| 000 | 00000nam 2200000zi 4500 |
| 001 | 9.947222 |
| 003 | CaOODSP |
| 005 | 20250121150501 |
| 006 | m o d f |
| 007 | cr |n||||||||| |
| 008 | 250121e20250116onc ob f|0| 0 fre d |
| 040 | |aCaOODSP|bfre|erda|cCaOODSP |
| 043 | |an-cn--- |
| 086 | 1 |aYN5-297/2025F-PDF |
| 100 | 1 |aCreighton, Mark, |eauteur. |
| 245 | 10|aCoût financier de la passation de contrats en TI centrés sur les tâches / |cMark Creighton, analyste principal, Jill Giswold, analyste principale. |
| 264 | 1|aOttawa, Canada : |bBureau du directeur parlementaire du budget = Office of the Parliamentary Budget Officer, |c16 janvier 2025. |
| 264 | 4|c©2025 |
| 300 | |a1 ressource en ligne (14 pages) |
| 336 | |atexte|btxt|2rdacontent/fre |
| 337 | |ainformatique|bc|2rdamedia/fre |
| 338 | |aressource en ligne|bcr|2rdacarrier/fre |
| 500 | |aPublié aussi en anglais sous le titre : Fiscal cost of task-based ITcontracting. |
| 500 | |a« RP-2425-024-S_f. » |
| 504 | |aComprend des références bibliographiques (pages 13-14). |
| 650 | 6|aTechnologie de l'information|xImpartition|zCanada|xFinances. |
| 710 | 1 |aCanada. |bBureau du Directeur parlementaire du budget, |eorganisme de publication. |
| 775 | 08|tFiscal cost of task-based IT contracting / |w(CaOODSP)9.947182 |
| 856 | 40|qPDF|s2.35 Mo|uhttps://publications.gc.ca/collections/collection_2025/dpb-pbo/YN5-297-2025-fra.pdf |